000 004410000a22001690004500
003 MACL
005 20160108123937.0
008 160108b xxu||||| |||| 00| 0 eng d
040 _aMACL
_cMACL
041 _aEnglish
082 _a920/CHE
100 _aCheetham, F H
_929598
245 _aLouis Napoleon and the gensis of the Second Empire
260 _bJohn lane Company
_aLondon
650 _aBiography
_929599
942 _cBK
_k920/CHE
_2ddc
999 _c37050
_d37050